Príjmové nerovnosti v krajinách Európskej únie bakalárska práca

Gespeichert in:
Bibliographische Detailangaben
1. Verfasser: Belák, Ondrej
Körperschaft: Národohospodárska fakulta EU. Katedra hospodárskej politiky
Weitere Verfasser: Lábaj, Martin, 1982-
Format: Buch
Sprache:Slowakisch
Veröffentlicht: Bratislava 2020
Tags: Tag hinzufügen
Keine Tags, Fügen Sie das erste Tag hinzu!

MARC

LEADER 00000nbm a2200000 4500
001 0265486
005 20200804125543.1
041 0 |a slo 
044 |a SK 
245 1 0 |a Príjmové nerovnosti v krajinách Európskej únie  |b bakalárska práca  |c Ondrej Belák ; školiteľ: Martin Lábaj 
264 1 |a Bratislava  |c 2020 
300 |a 48 s. 
100 1 |a Belák, Ondrej 
700 1 |a Lábaj, Martin, 1982- 
710 2 |a Národohospodárska fakulta EU. Katedra hospodárskej politiky